000 00734nam a2200289Ia 4500
005 20260324120220.0
008 008 260324s9999 xx 000 0 eng d
020 _a9781315576350
037 _aEBOOK
040 _aCRL
040 _beng
040 _cCRL
041 _2eng
041 _aeng
084 _qCRL
100 _aRay Mead; Peter Taylor
_91157688
245 0 _aDelivering Successful PMOs
245 0 _bHow to Design and Deliver the Best Project Management Office for your Business
260 _bTaylor and Francis
260 _c2015
365 _a
365 _b99.99
856 _uhttp://www.taylorfrancis.com/books/9781315576350
942 _cEBOOK
999 _c1749102
_d1749102